Gaming Quiz

Random Gaming or Letter Quiz

First and Last Letters: Board Games Quiz Stats

 Plays Quiz not verified by Sporcle

Score 0/20 Timer 06:00
0 Plays Today
Letters Phrase % Correct
Gt ot of jl feGet out of jail free
94.9%
Yu sk my bpYou sank my battleship
94.9%
Up te lr, dn te ceUp the ladder, down the chute
90.2%
Lt ft ywLeft Foot Yellow
86%
Ds yr pn he bk hr?Does your person have black hair?
81.3%
Fl HeFull House
78.3%
Cl Md, in te hl, wh te ckColonel Mustard, in the hall, with the Candlestick
71.1%
Gm Dp MnGum Drop Mountain
63%
Sn to wnSpin to win
62.1%
Te wd seTriple Word Score
61.3%
Letters Phrase % Correct
Le of frLine of Four
60.9%
Wr on te keWater on the knee
59.1%
Al pyAll Play
53.2%
Se ad Ne qnScience and Nature Question
42.6%
Te Gt WlThe Great Wall
39.1%
Q's gtQueen's gambit
38.7%
SpSnap !
35.3%
En Ud SsEastern United States
25.5%
Dn m's geDungeon master's guide
13.2%
St PgSaint Petersburg
8.5%

You're not logged in!

Compare scores with friends on all Sporcle quizzes.
OR
Log In

Show Comments

Extras

Top Quizzes Today


Score Distribution

Your Account Isn't Verified!

In order to create a playlist on Sporcle, you need to verify the email address you used during registration. Go to your Sporcle Settings to finish the process.

Report this User

Report this user for behavior that violates our Community Guidelines.

Details: